Central Library OPAC University of Rajshahi

সমাজত্ত্ব ও ভারতীয় সমাজ / (Record no. 74223)

MARC details
000 -LEADER
fixed length control field 00955nam a2200241 a 4500
001 - CONTROL NUMBER
control field 74223
003 - CONTROL NUMBER IDENTIFIER
rucl marc code BD-RjUL
005 - DATE AND TIME OF LATEST TRANSACTION
control field 20211209082521.0
008 - FIXED-LENGTH DATA ELEMENTS--GENERAL INFORMATION
fixed length control field 180408s2011 ii ||||| b||| 00| 0 ben d
020 ## - INTERNATIONAL STANDARD BOOK NUMBER
International Standard Book Number 9788189846244
Terms of availability Rs.150.00
035 ## - SYSTEM CONTROL NUMBER
System control number (BD-RjUL)74441
040 ## - CATALOGING SOURCE
Original cataloging agency BD-RjUL
Language of cataloging eng
Transcribing agency BD-RjUL
041 ## - LANGUAGE CODE
Language code of text/sound track or separate title ben
082 ## - DEWEY DECIMAL CLASSIFICATION NUMBER
Edition number 23
Classification number 301.0954
Author mark and year MUS 2011
100 1# - MAIN ENTRY--PERSONAL NAME
Personal name মুখোপাধ্যায়, চন্ডীদাস
9 (RLIN) 220991
245 10 - TITLE STATEMENT
Title সমাজত্ত্ব ও ভারতীয় সমাজ /
Statement of responsibility, etc. চন্ডীদাস মুখোপাধ্যায়,
260 ## - PUBLICATION, DISTRIBUTION, ETC. (IMPRINT)
Place of publication, distribution, etc. কলকাতা :
Name of publisher, distributor, etc. প্রগতিশীল প্রকাশক ,
Date of publication, distribution, etc. ২০১১
300 ## - PHYSICAL DESCRIPTION
Pagination ৩১০ পৃ.
Size ২২ সেমি.
504 ## - BIBLIOGRAPHY, ETC. NOTE
Bibliography, etc গ্রন্থপঞ্জি সংযোজিত
650 ## - SUBJECT ADDED ENTRY--TOPICAL TERM
Topical term or geographic name as entry element সমাজ বিজ্ঞান
Geographic subdivision ভারত
9 (RLIN) 220992
Topical term or geographic name as entry element Sociology
Geographic subdivision India.
9 (RLIN) 220993
942 ## - ADDED ENTRY ELEMENTS (KOHA)
Source of classification or shelving scheme Dewey Decimal Classification
Koha item type Books
Holdings
Lost status Source of classification or shelving scheme Damaged status Not for loan Collection code Permanent Location Current Location Shelving location Date acquired Source of acquisition Cost, normal purchase price Total Checkouts Full call number Date last seen Copy number Koha item type
  Dewey Decimal Classification   Not For Loan Non-fiction Central Library, University of Rajshahi Central Library, University of Rajshahi Reading Room 17/04/2017 R.U. VC Office 150.00   B 301.0954 MUS 2011 08/04/2018 C-1 Books